Organizational behavior / (Record no. 2646)

MARC details
000 -LEADER
fixed length control field 00619nam a2200193 ar4500
001 - CONTROL NUMBER
control field 2648
005 - DATE AND TIME OF LATEST TRANSACTION
control field 20221127090530.0
008 - FIXED-LENGTH DATA ELEMENTS--GENERAL INFORMATION
fixed length control field 111008s xxu a 00110 eng d
020 ## - INTERNATIONAL STANDARD BOOK NUMBER
International Standard Book Number 9780470553114(pbk) :
Terms of availability SR110.00
082 04 - DEWEY DECIMAL CLASSIFICATION NUMBER
Classification number 658
Item number Or3 2011
245 00 - TITLE STATEMENT
Title Organizational behavior /
Statement of responsibility, etc. J. Schermerhorn, Jr., ... [et al.].
250 ## - EDITION STATEMENT
Edition statement 11th ed.
260 ## - PUBLICATION, DISTRIBUTION, ETC.
Place of publication, distribution, etc. Hoboken, NJ :
Name of publisher, distributor, etc. John Wiley,
Date of publication, distribution, etc. 2011.
300 ## - PHYSICAL DESCRIPTION
Extent xxiii, 438, [205] p. :
Other physical details ill. (chiefly col.) ;
Dimensions 25 cm.
504 ## - BIBLIOGRAPHY, ETC. NOTE
Bibliography, etc. note Includes bibl. references and index.
650 #4 - SUBJECT ADDED ENTRY--TOPICAL TERM
Topical term or geographic name entry element Organizational behavior.
650 #4 - SUBJECT ADDED ENTRY--TOPICAL TERM
Topical term or geographic name entry element Management.
700 0# - ADDED ENTRY--PERSONAL NAME
Personal name Schermerhorn, John R.,
Titles and other words associated with a name jr.
Holdings
Withdrawn status Lost status Source of classification or shelving scheme Damaged status Not for loan Home library Current library Date acquired Total Checkouts Full call number Barcode Date last seen Copy number Price effective from Koha item type
              11/27/2022   658 Or3 2011 1000000009384 11/27/2022 C4 11/27/2022 Book
              11/27/2022   658 Or3 2011 1000000009385 11/27/2022 C5 11/27/2022 Book
              11/27/2022   658 Or3 2011 1000000009383 11/27/2022 C6 11/27/2022 Book
          CENTRAL CENTRAL 11/27/2022   658 Or3 2011 1000000007860 11/27/2022 C2 11/27/2022 Book
          CENTRAL CENTRAL 11/27/2022   658 Or3 2011 1000000007858 11/27/2022 C3 11/27/2022 Book
          CENTRAL CENTRAL 11/27/2022   658 Or3 2011 1000000007304 11/27/2022 C8 11/27/2022 Book
          KHOBAR KHOBAR 11/27/2022   658 Or3 2011 1000000007859 11/27/2022 C1 11/27/2022 Book
          KHOBAR KHOBAR 11/27/2022   658 Or3 2011 1000000007305 11/27/2022 C7 11/27/2022 Book